Behind Blue Eyes Lyrics - Statistics

General Stats
  • This quiz has been taken 55 times
  • The average score is 135 of 198
Answer Stats
Answer % Correct
be
100%
I
100%
No
100%
the
100%
To
100%
to
100%
what
100%
Behind
98%
blue
98%
like
98%
man
98%
On
98%
one
98%
bad
96%
eyes
96%
it
96%
it's
96%
knows
96%
sad
96%
a
92%
my
92%
My
92%
dreams
83%
is
81%
as
79%
As
79%
But
79%
hated
73%
And
71%
and
71%
empty
71%
only
71%
seems
71%
have
69%
they
69%
lies
67%
lonely
67%
love
67%
tell
67%
telling
65%
you
65%
never
63%
aren't
58%
that's
58%
hours
56%
vengeance
56%
do
54%
feel
54%
free
50%
blame
48%
Can
46%
conscience
46%
fated
42%
me
42%
of
40%
anger
38%
feelings
38%
their
38%
these
35%
hard
33%
your
33%
back
31%
When
29%
if
25%
pain
25%
none
23%
show
23%
through
23%
wear
23%
bites
21%
give
17%
use
17%
blanket
15%
cool
15%
evil
15%
fist
15%
open
15%
please
15%
shiver
15%
woe
15%
anything
13%
Before
13%
crack
13%
down
13%
finger
13%
let
13%
lose
13%
Put
13%
some
13%
swallow
13%
throat
13%
warm
13%
coat
10%
fool
10%
Keep
10%
laugh
10%
news
10%
smile
10%
act
8%
clinches
0%
No matching quizzes found
Score Distribution
Percent of People with Each Score
Percentile by Number Answered
Your Score History
You have not taken this quiz